00602cam a2200229 a 450000100070000000500170000700800410002401000170006502000150008204000230009704100080012006000160012808000190014408200230016310000060018610100080019224500590020050400390025990600450029894200120034399900170035554854720171222073421.0880802s1989 ilua b 001 0 eng c a 88020868  a0815148054 aDNLM/DLCcDLCdDLC aeng aWW 600 E975 a618.920977 ISE00a618.920977 ISE219 a8 aOFT04aThe Eye in infancy /c[edited by] Sherwin J. Isenberg. aIncludes bibliographies and index. a7bcbccorignewd1eocipf19gy-gencatlg 2ddccBK c39340d39340